000 00491cam a2200205ua 4500
001 8218
005 20260515114315.0
008 150110n ii |||gr||||Z||||||hin
040 _cMAIN
041 _ahin
082 _a891.432
100 _aKumar, A.,
_eAuthor.
245 1 _aVikram saindhav
_cBy Arvind Kumar
250 _a1st.
260 _aNew Delhi:
_bRashtiya,
_c1998.
300 _a144p.
653 _aEast Indo-European & Celtic literatures
653 _aHindi drama
942 _cBK
999 _c7328
_d7328